000 01137nam a22002177a 4500
999 _c35554
_d35554
003 OSt
005 20251021194511.0
008 250108b ||||| |||| 00| 0 eng d
040 _cBCRI
082 _a610.72
100 _948990
_aCórdova Arias, Karla Alexandra
245 _aFactores que incidieron en el aumento de las complicaciones en mujeres embarazadas durante la atención del parto en el Hospital Nacional Santa Gertrudis, San Vicente, durante el año 2022.
_b: Informe final de investigación
_cKarla Alexandra Córdova Arias, Katia Saraí Muñoz Cruz, José Reynaldo Orellana Ramírez
260 _aIlobasco, Cabañas
_bUniversidad Católica de El Salvador
_c2022
300 _a85 h.
_c27 cm.
_eVersión digital en USB.
502 _aTrabajo de graduación para optar al grado académico de Licenciados en Enfermería.
650 0 _914936
_aEnfermería
_xInvestigación
700 _948991
_aMuñoz Cruz, Katia Saraí
700 _948992
_aOrellana Ramírez, José Reynaldo
710 _940915
_aUniversidad Católica de El Salvador
_bCentro Regional de Ilobasco
_bFacultad Multidisciplinaria
942 _2ddc
_cTG
_hprozim